Central Library OPAC University of Rajshahi

একুশের চেতনা ও আজকের বাংলাদেশ / (Record no. 64680)

MARC details
000 -LEADER
fixed length control field 00887nam a2200229 a 4500
001 - CONTROL NUMBER
control field 64680
003 - CONTROL NUMBER IDENTIFIER
rucl marc code BD-RjUL
005 - DATE AND TIME OF LATEST TRANSACTION
control field 20211209081332.0
008 - FIXED-LENGTH DATA ELEMENTS--GENERAL INFORMATION
fixed length control field 170219r20051998bg |||| |||| 000 0 ben d
020 ## - INTERNATIONAL STANDARD BOOK NUMBER
International Standard Book Number 9844014662
Terms of availability : Tk. 100.00
035 ## - SYSTEM CONTROL NUMBER
System control number (BD-RjUL)64810
040 ## - CATALOGING SOURCE
Original cataloging agency BD-RjUL
Language of cataloging ben
Transcribing agency BD-RjUL
Modifying agency BD-RjUL
041 ## - LANGUAGE CODE
Language code of text/sound track or separate title ben
082 ## - DEWEY DECIMAL CLASSIFICATION NUMBER
Edition number 23
Classification number 954.92
Author mark and year GUA 2005
100 1# - MAIN ENTRY--PERSONAL NAME
Personal name গুপ্ত, সন্তোষ
9 (RLIN) 170417
245 1# - TITLE STATEMENT
Title একুশের চেতনা ও আজকের বাংলাদেশ /
Statement of responsibility, etc. সন্তোষ গুপ্ত
260 ## - PUBLICATION, DISTRIBUTION, ETC. (IMPRINT)
Place of publication, distribution, etc. ঢাকা :
Name of publisher, distributor, etc. আগামী প্রকাশনী ;
Date of publication, distribution, etc. ১৯৯৮ [পুন: মুদ্রণ ২০০৫]
300 ## - PHYSICAL DESCRIPTION
Pagination ১১২ পৃ. ;
Size ১৯ সেমি.
650 ## - SUBJECT ADDED ENTRY--TOPICAL TERM
Topical term or geographic name as entry element বাংলা ভাষা আন্দোলন
9 (RLIN) 191932
Topical term or geographic name as entry element Bengali language movement
9 (RLIN) 191932
942 ## - ADDED ENTRY ELEMENTS (KOHA)
Source of classification or shelving scheme Dewey Decimal Classification
Koha item type Books
Holdings
Lost status Source of classification or shelving scheme Damaged status Not for loan Collection code Permanent Location Current Location Shelving location Date acquired Source of acquisition Cost, normal purchase price Total Checkouts Full call number Date last seen Copy number Koha item type
  Dewey Decimal Classification   Not For Loan Non-fiction Central Library, University of Rajshahi Central Library, University of Rajshahi Reading Room 09/12/2012 Sontoshguptp porishod, Dhaka 100.00   B 954.92 GUA 2005 19/02/2017 C-1 Books